000 00921nam a22002297a 4500
001 297
003 FISKH
005 20230317091447.0
008 230317b cb ||||| |||| 00| 0 eng d
040 _aFISKH
_beng
_cFISKH
_dFISKH
050 _aQL122.A75
082 _a591.77
100 _aArlon, Penelope
245 _aDeep Dive
_bA lego adventure under the sea /
_cby Penelope Arlon and Tory Gordon-Harris
260 _aMalaysia
_bScholastic
_c2016
300 _a32 p.
_blast leaf contains removeable stickers
_c24 cm.
505 _aM
520 _aTwo powerful brands, LEGO and Scholastic, come together for a line of exciting nonfiction readers. In this innovative new publishing program, LEGO models and minifigures are illustrated in fun and fantastic scenarios throughout. The first point of engagement for kids with real-world topics.
521 8 _a640
_bLexile
521 8 _aM
_bRaz-Plus
942 _2ddc
_cBK
_n0
999 _c297
_d297